000 00667nam a2200205Ia 4500
003 GCL
008 140319s9999 xx 000 0 ara d
040 _aGCL /
_cGCL
082 0 4 _a372.7
_bم ا
100 1 _aمجدى عزيز ابراهيم
245 1 0 _aاستراتيجيات فى تعليم الرياضيات /
_cمجدى عزيز ابراهيم
260 _aالقاهرة :
_bمكتبة النهضة المصرية ،
_c1989
300 _a373 ص ؛
_c24 سم
490 _a
650 0 4 _aطرق التدريس
650 0 4 _aالتعليم
650 0 4 _aالرياضيات
650 0 4 _aالرياضيات - تعليم وتدريس
942 _2ddc
_cBK
999 _c39551
_d39551